Northern Ireland counties-Newry, Mourne and Down - Statistics

General Stats
  • This quiz has been taken 4 times
  • The average score is 7 of 15
Answer Stats
Hint Answer % Correct
St Patrick is said to be buried in this town's cathedral Downpatrick
100%
Granite mountains that are the tallest in Ulster; the subject of many poems and folk songs Mourne Mountains
100%
City and former port, now a popular shopping destination; it stretches across both Counties Down and Armagh Newry
75%
Former professional football player considered one of the greatest goalkeepers of all time Pat Jennings
75%
Picturesque mountain valley containing a large reservoir, supplying much of Northern Ireland's drinking water Silent Valley
75%
Eighteenth century manor house located on Strangford Lough, known for its dual architectural styles; it stood for Winterfell in the TV series Game of Thrones Castle Ward
50%
Ruined Cistercian abbey that is accessible via a heritage railway Inch Abbey
50%
Fishing port which has the largest fishing fleet in Northern Ireland; a royal Peerage was bestowed upon the town in 2018 Kilkeel
50%
Seaside resort housing the prestigious Royal County Down Golf Course, a links course that has been voted as one of the very best in the world Newcastle
50%
Owing to it being a stronghold of Irish republicanism and being a rural backwater, South Armagh formerly had this Infamous nickname Bandit Country
25%
Southernmost point in Northern Ireland, on Carlingford Lough Cranfield Point
0%
Naturalist, art collector and physicist who founded the British Museum, and later became President of the Royal Society. Hans Sloane
0%
Peninsula in the far southeast of the region Lecale
0%
Mountainous valley that is an Area of Outstanding Natural Beauty Ring of Gullion
0%
Ornate walled garden owned by the National Trust, known for its large collections of azaleas and rhododendrons Rowallane Garden
0%
No matching quizzes found
Score Distribution
Percent of People with Each Score
Percentile by Number Answered
Your Score History
You have not taken this quiz